00665nam a2200193 a 450000100100000000500170001000800410002702000150006804000250008310000400010824500990014826000370024730000210028449000140030583000210031904900090034095201050034999900170045400003424520200930070911.0110929s2000 es 000 0 spa d a8483361019 aDO-SdBNPbspacBNPHU1 aPoe, Edgar Allan,d1809-1849.9990314aLas aventuras de Arthur Gordon Pym :bNarraciones extraordinarias ; Poemas /cEdgar Allan Poe. aMadrid :bEdiciones Alba,c2000. a192 p. ;c18 cm.1 aJuveniles 0aJuveniles959662 aBNPD 001050718MOaGRbGRcCTd2011-09-29iLF1l0o p34245-10r2020-06-25w2020-06-25y1ZNo se presta c33736d33736